000 00579nam a2200181 a 4500
005 20140412111404.0
008 060914s19uu xx 00 eng d
020 _a0-06-057611-1
050 _aM 925.35
_bEd4 2005
100 _aDeMauro, Lisa
245 _aThomas Edison :
_bA Brilliant Inventor /
_cLisa DeMauro.
260 _aNew York :
_bHarper Trophy,
_c2005.
300 _a44
440 _aTime for Kids Biographies
520 _aThe brilliant scientist who perfected the lightbulb and founded the first movie studio
650 _aBiography-- Inventor
999 _c105521
_d105521